[Event "Novy Bor op-A"]
[Site "Novy Bor"]
[Date "2014.10.09"]
[Round "4"]
[White "Brabec, Herbert"]
[Black "Majstr, Jiri"]
[Result "0-1"]
[WhiteElo "1709"]
[BlackElo "1853"]
[PlyCount "67"]
[EventDate "2014.09.18"]
[EventType "swiss"]
[EventRounds "9"]
[EventCountry "CZE"]
[SourceTitle "EXT 2016"]
[Source "ChessBase"]
[SourceDate "2015.10.08"]
[SourceVersion "1"]
[SourceVersionDate "2015.10.08"]
[SourceQuality "1"]

1. d4 e6 2. Nf3 d5 3. c4 Nf6 4. Bg5 c5 5. e3 Be7 6. Nc3 Nc6 7. Be2 0-0 8. 0-0 cxd4 9. exd4 dxc4 10. Bxc4 b6 11. h3 Bb7 12. Re1 Nd5 13. Bxe7 Ncxe7 14. Nxd5 Nxd5 15. Qd2 Qd6 16. a3 Nf4 17. Bf1 Nxh3+ 18. gxh3 Bxf3 19. Rac1 Rad8 20. Rc3 Bb7 21. Rd1 Qd5 22. f3 e5 23. Bg2 Qxd4+ 24. Qxd4 Rxd4 25. Re1 f6 26. Rc7 Rf7 27. Rec1 Rfd7 28. Kh2 Kf8 29. Kg3 Ke7 30. R7c3 g5 31. Bf1 a6 32. Bc4 h5 33. Bb3 h4+ 34. Kf2 0-1

[Event "Novy Bor op-A"]
[Site "Novy Bor"]
[Date "2014.10.02"]
[Round "3"]
[White "Tryhuba, Jaroslav"]
[Black "Brabec, Herbert"]
[Result "1-0"]
[WhiteElo "1837"]
[BlackElo "1709"]
[PlyCount "65"]
[EventDate "2014.09.18"]
[EventType "swiss"]
[EventRounds "9"]
[EventCountry "CZE"]
[SourceTitle "EXT 2016"]
[Source "ChessBase"]
[SourceDate "2015.10.08"]
[SourceVersion "1"]
[SourceVersionDate "2015.10.08"]
[SourceQuality "1"]

1. d4 Nf6 2. Nc3 d5 3. Nf3 Bf5 4. e3 e6 5. Bd3 Bd6 6. 0-0 c6 7. Re1 Ne4 8. Ne2 Be7 9. Nf4 Bg5 10. Ne5 0-0 11. f3 Nd6 12. e4 dxe4 13. fxe4 Bg6 14. c3 Nd7 15. Nexg6 hxg6 16. Qf3 e5 17. Ne2 f5 18. exf5 gxf5 19. Bc2 e4 20. Bb3+ Nf7 21. Qxf5 Nf6 22. Nf4 Qd6 23. Ne6 Nd5 24. Nxf8 Rxf8 25. Qg4 Nh6 26. Qxe4 Qf6 27. Qe6+ Qxe6 28. Rxe6 Bh4 29. g3 Bd8 30. Bxh6 gxh6 31. Rxh6 Kg7 32. Rh5 Re8 33. Rf1 1-0